| 000 | 00756nam a22002655i 4500 | ||
|---|---|---|---|
| 001 | 12307 | ||
| 003 | ES-MaACL | ||
| 005 | 20250701212924.0 | ||
| 007 | t| | ||
| 008 | 960318s1995 sp ||||0| spa j | ||
| 020 | _a84-7923-047-9 | ||
| 040 |
_aM-BN _bspa _cM-BN |
||
| 080 | _a5 Newton, Isaac, Sir | ||
| 100 | 1 |
_aMataix, Carmen. _978907 |
|
| 245 | 1 | 0 |
_aIsaac Newton (1642-1726) / _cCarmen Mataix Loma. |
| 250 | _a1ª ed. | ||
| 260 |
_aMadrid : _bEdiciones del Orto, _c1995. |
||
| 300 |
_a93 p ; _c17 cm. |
||
| 490 | 1 | _aBiblioteca filosófica | |
| 504 | _aBibliografía: p. [91]-93. | ||
| 600 | 1 | 4 |
_aNewton, Isaac _cSir. _985508 |
| 830 | 0 | 0 |
_aBiblioteca filosófica _9179275 |
| 852 |
_aES-MaACL _jL-19547 _bR.124351 |
||
| 999 |
_c12307 _d12307 |
||